• 首页
  • 本馆介绍
  • 公告通知
  • 最新文献
  • 馆藏检索
  • 电子资源
  • 读者导购
  • 参考咨询
  • 我的图书馆
  • 登录
  • 详细信息显示
  • 放入我的书架
  • 预约/预借图书
  • 作者相关作品
  • 分类相关作品
  • 丛书相关作品
  • 出版社相关作品

书目信息

  • 表格格式
  • 工作单格式
  • 卡片格式
书名: Proceedings of the second European Symposium on Thermal Analysis, ESTA 2, University of Aberdeen, UK, 1-4 September 1981
作者: organized by the Thermal Methods Group of the Analytical Division of the Chemical Society ; edited by David Dollimore.
分册号:
分册名:
出版地: London ;
 
出版社: Heyden
出版时间: c1981.
页数: xxxxiii, 617 p. :
开本: 25 cm.
丛书名:
中图分类号:
科图分类号:
其他分类号: O55
主题词:
电子资源:
000 00987nam 2200229Ia 4504
001 E0731530777
005 20070301084710.20
008 030703s1981 enk 100 0 eng d
020    @a0855017058.
035    @a2840663
040    @cOSU
090    @aO55
099    @dO55@ex1
111 2  @aEuropean Symposium on Thermal Analysis@n(2nd :@d1981 :@cUniversity of Aberdeen)
245 00 @aProceedings of the second European Symposium on Thermal Analysis, ESTA 2, University of Aberdeen, UK, 1-4 September 1981 / @corganized by the Thermal Methods Group of the Analytical Division of the Chemical Society ; edited by David Dollimore.
260    @aLondon ;@aPhiladelphia :@bHeyden,@cc1981.
300    @axxxxiii, 617 p. :@bill. ;@c25 cm.
504    @aIncludes bibliographical references.
650  0 @aThermal analysis@xCongresses.
700 10 @aDollimore, David.
710 20 @aChemical Society (Great Britain).@bAnalytical Division.@bThermal Methods Group.
920    @a232010@z2
    
    Proceedings of the second European Symposium on Thermal Analysis, ESTA 2, University of Aberdeen, UK, 1-4 September 1981 / / organized by the Thermal Methods Group of the Analytical Division of the Chemical Society ; edited by David Dollimore.-London ; ; Philadelphia : : Heyden, , c1981.
    xxxxiii, 617 p. : : ill. ; ; 25 cm.
    Includes bibliographical references.
    
    ISBN 0855017058.
    
●
相关链接 在E读中查询图书 在五车中查询图书 在当当中查询图书 在豆瓣中查询图书


正题名:Proceedings of the second European Symposium on Thermal Analysis, ESTA 2, University of Aberdeen, UK     索取号:O55/x1         预约/预借

序号 登录号 条形码 馆藏地/架位号 状态 备注
1 181292   000638714   第二样本阅览室/ [索取号:O55/x1] 在馆    
2 181293   000638705   第四借阅区/ [索取号:O55/x1] 在馆    
3 181294   000638698   第四借阅区/ [索取号:O55/x1] 在馆    
唐山师范学院图书馆 欢迎您!
大连网信软件有限公司© 版权所有